|
|
|
|
| LEADER |
00000nas a2200000 a 4500 |
| 001 |
ssj0001105240 |
| 003 |
WaSeSS |
| 005 |
20200512172242.0 |
| 006 |
m d |
| 007 |
cr n |
| 008 |
820917c19799999enkar s 0 a0eng c |
| 010 |
|
|
|a 84644309
|
| 015 |
|
|
|a GB8420341
|2 bnb
|
| 016 |
7 |
|
|a 011183761
|2 Uk
|
| 022 |
|
|
|a 2052-6148
|l 0263-7189
|y 0263-7189
|
| 035 |
|
|
|a (WaSeSS)ssj0001105240
|
| 037 |
|
|
|b The Institute of Archaeology, 31-34 Gordon Square, London WC1H 0PY
|
| 040 |
|
|
|a BMC
|b eng
|c BMC
|d BMC
|d HUL
|d IXA
|d DLC
|d NST
|d DLC
|d HUL
|d NST
|d EYM
|d SYS
|d HLS
|d NLGGC
|d OCLCQ
|d CKM
|d UKMGB
|d OCLCF
|d CUS
|d L2U
|d OCLCQ
|d OCLCA
|d U3G
|d WaSeSS
|
| 042 |
|
|
|a pcc
|
| 043 |
|
|
|a f-ly---
|
| 050 |
0 |
0 |
|a DT221
|b .S68a
|
| 082 |
0 |
4 |
|a 961/.2005
|2 19
|
| 245 |
0 |
0 |
|a Libyan studies
|h [electronic resource] :
|b annual report of the Society for Libyan Studies.
|
| 260 |
|
|
|a London :
|b Society for Libyan Studies,
|c [1979]-
|
| 310 |
|
|
|a Annual
|
| 362 |
0 |
|
|a 10th (1978/79)-
|
| 500 |
|
|
|a Title from cover.
|
| 506 |
|
|
|a License restrictions may limit access.
|
| 515 |
|
|
|a Report year ends March 31.
|
| 555 |
|
|
|a Vols. 1 (1969)-15 (1984), in v. 16 (Includes index to the journal under its earlier title).
|
| 650 |
|
7 |
|a Libya.
|2 ascl
|0 (NL-LeOCL)294922253
|
| 650 |
|
7 |
|a Libyan studies.
|2 ascl
|0 (NL-LeOCL)294922261
|
| 650 |
|
7 |
|a social sciences.
|2 ascl
|0 (NL-LeOCL)294938028
|
| 650 |
|
7 |
|a history.
|2 ascl
|0 (NL-LeOCL)294915540
|
| 650 |
|
7 |
|a 15.30 archaeology: general.
|0 (NL-LeOCL)077599454
|2 bcl
|
| 651 |
|
0 |
|a Libya.
|
| 651 |
|
7 |
|a Libya.
|2 fast
|0 (OCoLC)fst01205534
|
| 651 |
|
7 |
|a Libya.
|0 (NL-LeOCL)078574544
|2 gtt
|
| 655 |
|
0 |
|a Electronic journals.
|
| 710 |
2 |
|
|a Society for Libyan Studies (London, England)
|
| 780 |
0 |
0 |
|a Society for Libyan Studies (London, England).
|t Annual report
|x 0302-3168
|w (DLC) 74642885
|w (OCoLC)1793039
|
| 850 |
|
|
|a CaOTU
|a CtY
|a DLC
|a MH
|a MiU
|a NN
|a NcU
|a NjP
|a OCU
|a TxU
|a ViU
|
| 853 |
0 |
3 |
|8 1
|a v.
|i (year)
|
| 856 |
4 |
0 |
|z Full text available from Research Library: 01/01/2013 to 1 year ago
|u https://search.proquest.com/publication/2035929
|
| 863 |
4 |
0 |
|8 1
|a <10>-
|i <1978/1979>-
|x provisional
|